00619cam a22002411 4500001001300000003000400013005001700017008004100034010001700075035002000092040001800112042001200130050001700142110004300159245003300202260001000235300001800245500001600263504003100279650002300310700002700333999001700360sa 67005748 DLC20260227112400.0891018m19669999ii b 000 0 maro  asa 67005748  a(OCoLC)20509095 aDLCcWaUdDLC apremarc00aPK2353b.M282 aMarāṭhī sãśodhana-patrikā.00aMarāṭhī sãśodhana. c1966. av. inc22 cm. aIn Marathi. aBibliographical footnotes. 0aMarathi philology.1 aPriolkar, Anant Kakba. c75418d75418